[Event "III Dolnoslaska Liga Szachowa 2017/2018"]
[Site "Dolny Slask"]
[Date "1899-12-30"]
[Round "5.15"]
[White "Cechura, Petr"]
[Black "Zeberski, Jakub"]
[Result "1-0"]
[WhiteTitle ""]
[BlackTitle "IM"]
[WhiteElo "2172"]
[BlackElo "2323"]

1. e4 e5 2. Nf3 Nc6 3. d4 exd4 4. c3 Nf6 5. e5 Ne4 6. cxd4 Bb4+ 7. Bd2 Nxd2 8.
Nbxd2 d6 9. Bb5 Bd7 10. exd6 Bxd6 11. O-O O-O 12. Ne4 Bg4 13. Bxc6 bxc6 14. h3
Bh5 15. Nxd6 cxd6 16. Qd3 Qa5 17. Nd2 Rfe8 18. Nc4 Qd5 19. Ne3 Qg5 20. Rac1 Rad8
21. Qf5 Qxf5 22. Nxf5 Bg6 23. Ne3 Rc8 24. Rc3 Re4 25. Rd1 f6 26. f3 Re7 27. Kf2
Bf7 28. a3 a5 29. Rd2 a4 30. Rdc2 Rb7 31. Nf5 Rcb8 32. Nxd6 Rxb2 33. Rxc6 Bd5
34. Rc8+ Rxc8 35. Rxb2 Rd8 36. Rb6 Kf8 37. Ke3 Ke7 38. Ne4 Rc8 39. Nc5 Kf7 40.
Rb4 Re8+ 41. Kd2 Bc6 42. Rb6 Rc8 43. Kc3 g5 44. Kc4 Kg6 45. d5 Be8 46. d6 Bc6
47. Rb4 h5 48. Kd4 Kf5 49. Rb6 Be8 50. d7 Rd8 51. Rb7 Bf7 52. Rc7 Be8 53. Ke3
Ke5 54. dxe8=Q+ Rxe8 55. Nb7 f5 56. Rc5+ Kf6+ 57. Kf2 Re6 58. Rd5 Re7 59. Nc5
Rc7 60. g4 hxg4 61. hxg4 fxg4 62. fxg4 Rh7 63. Ne4+ Ke7 64. Rd7+ Kxd7 65. Nf6+
Ke6 66. Nxh7 Kd5 67. Nxg5 Kc4 68. Ne4 Kb3 69. g5 Kxa3 70. Nc5 Kb4 71. Nxa4 1-0

[Event "III Dolnoslaska Liga Szachowa 2017/2018"]
[Site "Dolny Slask"]
[Date "1899-12-30"]
[Round "5.16"]
[White "Kolasinski, Krzysztof"]
[Black "Pyka, Roman"]
[Result "1-0"]
[WhiteTitle "I++"]
[BlackTitle "I++"]
[WhiteElo "2055"]
[BlackElo "1957"]

1. d4 Nf6 2. c4 g6 3. Nc3 d5 4. Bg5 Ne4 5. Bh4 Nxc3 6. bxc3 Bg7 7. e3 c5 8. Nf3
Nc6 9. Be2 cxd4 10. cxd4 O-O 11. O-O dxc4 12. Bxc4 1-0

[Event "III Dolnoslaska Liga Szachowa 2017/2018"]
[Site "Dolny Slask"]
[Date "1899-12-30"]
[Round "5.17"]
[White "Gromczak, Dariusz"]
[Black "Marko, Piotr"]
[Result "1-0"]
[WhiteTitle "I+"]
[BlackTitle "I"]
[WhiteElo "1943"]
[BlackElo "1819"]

1. e4 e5 2. Nf3 Nc6 3. Bc4 Nf6 4. d3 Be7 5. O-O O-O 6. Re1 d6 7. c3 Na5 8. Bb5
a6 9. Ba4 b5 10. Bc2 c5 11. d4 cxd4 12. cxd4 exd4 13. Nxd4 Bd7 14. Nc3 Nc6 15.
Bg5 Rc8 16. Nxc6 Bxc6 17. Qd3 g6 18. Rad1 b4 19. Nb1 Qa5 20. Bd2 Qb6 21. Be3 Qb7
22. Bd4 Rfe8 23. Qf3 Nd7 24. Bb3 Rf8 25. Qf4 a5 26. Re3 Qb5 27. Qh6 Ne5 28. Rh3
1-0

[Event "III Dolnoslaska Liga Szachowa 2017/2018"]
[Site "Dolny Slask"]
[Date "1899-12-30"]
[Round "5.18"]
[White "Dytman, Radoslaw"]
[Black "Dudek, Wojciech"]
[Result "1-0"]
[WhiteTitle "I"]
[BlackTitle "I"]
[WhiteElo "1681"]
[BlackElo "1810"]

1. e4 c6 2. d4 d5 3. Nc3 dxe4 4. Nxe4 Bf5 5. Ng3 Bg6 6. h4 h6 7. Nf3 Nd7 8. h5
Bh7 9. Bd3 Bxd3 10. Qxd3 e6 11. Bf4 Ngf6 12. O-O-O Be7 13. Kb1 a5 14. c4 a4 15.
Ne5 Qb6 16. Ne4 Nxe5 17. Nxf6+ Bxf6 18. dxe5 Rd8 19. Qg3 a3 20. b3 Bg5 21. Bxg5
hxg5 22. Qxg5 Rh7 23. Rxd8+ Qxd8 24. Qxd8+ Kxd8 25. Kc2 Ke7 26. Kc3 Rh8 27. g4
Rd8 28. g5 Kf8 29. f4 c5 30. Rf1 Kg8 31. g6 Rd4 32. Rf3 fxg6 33. hxg6 Re4 34.
Rd3 Kf8 35. Rd8+ Ke7 36. Rg8 Rxf4 37. Rxg7+ Ke8 38. Rxb7 1-0

[Event "III Dolnoslaska Liga Szachowa 2017/2018"]
[Site "Dolny Slask"]
[Date "1899-12-30"]
[Round "5.19"]
[White "Dzikowski, Michal"]
[Black "Dowgird, Filip"]
[Result "1/2-1/2"]
[WhiteTitle "k"]
[BlackTitle "k"]
[WhiteElo "2147"]
[BlackElo "2259"]

1. e4 c6 2. d4 d5 3. exd5 cxd5 4. c4 Nf6 5. Nc3 Nc6 6. Nf3 Bg4 7. cxd5 Nxd5 8.
Qb3 Bxf3 9. gxf3 e6 10. Qxb7 Nxd4 11. Bb5+ Nxb5 12. Qc6+ Ke7 13. Qxb5 Qd7 14.
Nxd5+ Qxd5 15. Qxd5 exd5 16. O-O Ke6 17. Be3 Be7 18. Rfe1 Kf5 19. Rad1 Rhd8 20.
Rd4 Bf6 21. Rf4+ Kg6 22. Rg4+ Kf5 23. Rf4+ Kg6 24. Rg4+ Kf5 25. Rf4+ 1/2-1/2

[Event "III Dolnoslaska Liga Szachowa 2017/2018"]
[Site "Dolny Slask"]
[Date "1899-12-30"]
[Round "5.20"]
[White "Dobrowolski, Aleksander"]
[Black "Zareba, Radoslaw"]
[Result "0-1"]
[WhiteTitle "m"]
[BlackTitle "I+"]
[WhiteElo "2272"]
[BlackElo "2116"]

1. e4 c5 2. Nf3 Nc6 3. d4 cxd4 4. Nxd4 g6 5. Nc3 Bg7 6. Be3 Nf6 7. Bc4 O-O 8. Bb3
Re8 9. O-O d6 10. h3 Na5 11. f4 Nxb3 12. axb3 b6 13. Qf3 Bb7 14. f5 Rf8 15. g4
d5 16. e5 Ne4 17. Nxe4 dxe4 18. Qf4 Qb8 19. f6 exf6 20. exf6 Qxf4 21. Rxf4 Bh6
22. Rxe4 Bxe4 23. Bxh6 Rfd8 24. c3 Rd6 25. g5 a5 26. b4 axb4 27. Re1 bxc3 28.
bxc3 Bd5 29. h4 Be6 30. Kf2 Rc8 31. Re5 Bc4 32. h5 b5 33. hxg6 fxg6 34. Re7 b4
35. Nb5 Rd2+ 36. Ke1 Rdd8 37. Na7 bxc3 38. Nxc8 c2 39. f7+ Bxf7 40. Rc7 Rd1+ 41.
Kf2 c1=Q 42. Ne7+ Kh8 43. Rc8+ Qxc8 44. Nxc8 Be6 45. Ne7 Bd7 46. Kg3 Rd4 47. Kf3
Rc4 48. Ke3 Be6 49. Bf8 Ra4 50. Bh6 Ra8 51. Kd4 Re8 52. Nc6 Kg8 53. Ne5 Rd8+ 54.
Ke3 Bf5 55. Kf4 Rd4+ 56. Kf3 Ra4 57. Kg3 Re4 0-1

[Event "III Dolnoslaska Liga Szachowa 2017/2018"]
[Site "Dolny Slask"]
[Date "1899-12-30"]
[Round "5.21"]
[White "Pociejowski, Marek"]
[Black "Kwiecinski, Marian"]
[Result "1-0"]
[WhiteTitle "I++"]
[BlackTitle "k"]
[WhiteElo "1896"]
[BlackElo "2177"]

1. d4 c5 2. dxc5 e6 3. Nc3 Bxc5 4. Ne4 Nf6 5. Nxc5 Qa5+ 6. c3 Qxc5 7. Nf3 Nc6 8.
Bf4 d5 9. e3 O-O 10. Be2 Re8 11. h3 e5 12. Bh2 Bf5 13. Rc1 b5 14. a3 a6 15. O-O
Rad8 16. Re1 Qb6 17. g4 Bg6 18. Qb3 Ne4 19. Rcd1 d4 20. exd4 exd4 21. cxd4 Nxd4
22. Nxd4 Rxd4 23. Qe3 Rxd1 24. Bxd1 Qxe3 25. Rxe3 Nf6 26. Rxe8+ Nxe8 27. Bf3 Nf6
28. Bb7 a5 29. f3 Bd3 30. Bf4 Bc4 31. Bd2 a4 32. Kf2 Nd5 33. f4 Kf8 34. Kf3 Ke7
35. Ke4 Kd6 36. Kd4 g6 37. f5 Bb3 38. Be1 gxf5 39. gxf5 Ne7 40. Bg3+ Kd7 41. Be4
Bc4 42. Kc5 Bf1 43. h4 f6 44. Bd6 Be2 45. Bxe7 Kxe7 46. Bc6 Bd3 47. Bxb5 Bxf5
48. Bxa4 Be4 49. Kd4 f5 50. Ke5 Kd8 51. Bb3 Ke7 52. Be6 1-0

[Event "III Dolnoslaska Liga Szachowa 2017/2018"]
[Site "Dolny Slask"]
[Date "1899-12-30"]
[Round "5.22"]
[White "Helaszek, Edward"]
[Black "Rutkowski, Bartlomiej"]
[Result "1-0"]
[WhiteTitle "k"]
[BlackTitle "II"]
[WhiteElo "1996"]
[BlackElo "1494"]

1. e4 c6 2. d4 Qc7 3. Nc3 d6 4. a4 a5 5. Nf3 Bg4 6. Be3 e5 7. Be2 Nf6 8. Nd2 Bxe2
9. Qxe2 Be7 10. O-O Nbd7 11. h3 O-O 12. Qc4 Rfc8 13. Qb3 Rab8 14. Rac1 b6 15.
f4 Rb7 16. g4 exd4 17. Bxd4 Nc5 18. Qc4 Qd7 19. Qe2 b5 20. axb5 cxb5 21. g5 b4
22. gxf6 bxc3 23. Qg2 g6 24. Bxc3 Bf8 25. Nc4 Qe6 26. Nxa5 Rbc7 27. Rfe1 Nd7 28.
f5 Qe8 29. Nb3 Rxc3 30. bxc3 Rxc3 31. fxg6 hxg6 32. Rcd1 Nxf6 33. Rd3 Rc7 34.
Nd4 Rc5 35. Qf3 Nh5 36. Kh1 Bg7 37. Rg1 Nf6 38. Re1 Nd7 39. Qg2 f6 40. Nf3 Qe6
41. Qg4 Qe7 42. Rg1 Nf8 43. Rd2 Rc4 44. Rxd6 1-0

[Event "III Dolnoslaska Liga Szachowa 2017/2018"]
[Site "Dolny Slask"]
[Date "1899-12-30"]
[Round "5.23"]
[White "Zdziarska-zareba, Lidia"]
[Black "Korosciel, Aneta"]
[Result "1/2-1/2"]
[WhiteTitle "k+"]
[BlackTitle "m"]
[WhiteElo "1860"]
[BlackElo "1993"]

1. e4 e5 2. Nf3 Nf6 3. Nxe5 d6 4. Nf3 Nxe4 5. Qe2 Qe7 6. d3 Nf6 7. Bg5 Qxe2+ 8.
Bxe2 Be7 9. O-O O-O 10. Nc3 c6 11. Rfe1 d5 12. d4 1/2-1/2

[Event "III Dolnoslaska Liga Szachowa 2017/2018"]
[Site "Dolny Slask"]
[Date "1899-12-30"]
[Round "5.24"]
[White "Borkowski, Franciszek"]
[Black "Klykow, Lukasz"]
[Result "0-1"]
[WhiteTitle "IM"]
[BlackTitle "k"]
[WhiteElo "2286"]
[BlackElo "2181"]

1. e4 e5 2. Nf3 Nc6 3. Bb5 f5 4. d3 fxe4 5. dxe4 Nf6 6. Qd3 Bb4+ 7. c3 Bc5 8. Bg5
d6 9. Nbd2 O-O 10. b4 Bb6 11. Nc4 Qe8 12. a4 Qg6 13. Nxb6 axb6 14. Bxf6 Rxf6 15.
O-O Bg4 16. Ne1 Kh8 17. f3 Be6 18. Rf2 Ne7 19. Bc4 Bxc4 20. Qxc4 c6 21. Qe2 d5
22. Nd3 Qg5 23. exd5 Nxd5 24. Qxe5 Rf5 25. Qe1 Rd8 26. Rd1 Ne3 27. f4 Qh5 28.
Rdd2 Ng4 29. h3 Nxf2 30. Nxf2 Rxd2 31. Qxd2 Qe8 32. c4 Rf8 33. g3 Qd8 34. Qc3
Re8 35. Kg2 Qf6 36. Qxf6 gxf6 37. Kf3 Ra8 38. g4 Rxa4 39. Nd3 c5 40. bxc5 Rxc4
0-1

[Event "III Dolnoslaska Liga Szachowa 2017/2018"]
[Site "Dolny Slask"]
[Date "1899-12-30"]
[Round "5.25"]
[White "Stelmaszuk, Maciej"]
[Black "Bes, Michal"]
[Result "0-1"]
[WhiteTitle "I"]
[BlackTitle "I"]
[WhiteElo "1929"]
[BlackElo "2090"]

1. Nf3 Nf6 2. c4 g6 3. Nc3 d5 4. d4 Bg7 5. Bg5 Ne4 6. cxd5 Nxg5 7. Nxg5 e5 8. Nf3
exd4 9. Nxd4 c6 10. e4 O-O 11. Be2 cxd5 12. exd5 Qb6 13. Nb3 a5 14. a4 Rd8 15.
O-O Na6 16. Bb5 Nc7 17. Qe2 Bxc3 18. bxc3 Nxd5 19. c4 Nc3 20. Qe5 Nxb5 21. cxb5
Be6 22. Qc5 Qd6 23. Qxd6 Rxd6 24. Nc5 Bd5 25. Rfe1 Rc8 26. Rac1 b6 27. Nd3 Rxc1
28. Nxc1 Bc4 29. h3 Rd2 30. f3 Kf8 31. Kh2 Rc2 32. Kg3 Rc3 33. Kf4 Ra3 34. Ke5
Rxa4 35. Kd6 Rb4 36. Re4 Bxb5 37. Rxb4 axb4 38. Kd5 Bf1 39. g3 Bxh3 40. Kc4 g5
41. Kxb4 Bg2 42. Kb5 h5 0-1

[Event "III Dolnoslaska Liga Szachowa 2017/2018"]
[Site "Dolny Slask"]
[Date "1899-12-30"]
[Round "5.26"]
[White "Zombirt, Filip"]
[Black "Rura, Mikolaj"]
[Result "1-0"]
[WhiteTitle "I+"]
[BlackTitle "I"]
[WhiteElo "1929"]
[BlackElo "1624"]

1. d4 Nf6 2. c4 g6 3. Nc3 Bg7 4. e4 d6 5. Nf3 O-O 6. Be2 Nbd7 7. O-O e5 8. Re1
Ne8 9. d5 f5 10. Ng5 Nb6 11. a4 f4 12. Ne6 Bxe6 13. dxe6 c6 14. a5 Nc8 15. c5
Nc7 16. Qb3 Ne7 17. cxd6 Qxd6 18. Rd1 Qc5 19. Na4 Qd4 20. Rxd4 exd4 21. Bd2 Be5
22. Bb4 Rfe8 23. Nc5 Bd6 24. Nxb7 Bxb4 25. Qxb4 Rab8 26. a6 Nxe6 27. Bc4 Nc8 28.
Qb3 Kf7 29. Bxe6+ Rxe6 30. Nd6+ Nxd6 31. Qxb8 Nxe4 32. Qxf4+ Nf6 33. Qc7+ Re7
34. Qxc6 Kg7 35. h3 d3 36. Rd1 Rd7 37. Qc3 Rd6 38. Rxd3 Rxa6 39. Rd7+ Kg8 40.
Qc8+ Ne8 41. Qxe8# 1-0

[Event "III Dolnoslaska Liga Szachowa 2017/2018"]
[Site "Dolny Slask"]
[Date "1899-12-30"]
[Round "5.27"]
[White "Rozmus, Marek"]
[Black "Bienias, Piotr"]
[Result "0-1"]
[WhiteTitle "II"]
[BlackTitle "I++"]
[WhiteElo "1734"]
[BlackElo "1920"]

1. e4 c5 2. Nf3 Nc6 3. Bb5 Nf6 4. Bxc6 dxc6 5. d3 Bg4 6. h3 Bh5 7. Nc3 Nd7 8. g4
Bg6 9. h4 h5 10. g5 e5 11. Be3 Qa5 12. O-O Be7 13. Nd2 f6 14. f4 exf4 15. Nc4
Qd8 16. Bxf4 Ne5 17. Bxe5 fxe5 18. Qd2 b5 19. Ne3 c4 20. Nf5 Bxf5 21. Rxf5 Qd4+
22. Qf2 cxd3 23. cxd3 g6 24. Rf3 O-O-O 25. Qxd4 Rxd4 26. Rc1 Kd7 27. Ne2 Rb4 28.
b3 a5 29. Rf7 Rg8 30. Kg2 a4 31. d4 axb3 32. axb3 exd4 33. Nf4 Rxb3 34. Ra1 Kd6
35. e5+ Kxe5 36. Re1+ Re3 37. Rxe7+ Kxf4 38. Rf1+ Kg4 39. Rd7 Re2+ 40. Kg1 c5
41. Rd5 Rge8 42. Rxc5 R8e3 43. Rxb5 Rg3+ 44. Kh1 Kh3 45. Rb2 Rxb2 46. Rf2 Rb1+
0-1

[Event "III Dolnoslaska Liga Szachowa 2017/2018"]
[Site "Dolny Slask"]
[Date "1899-12-30"]
[Round "5.28"]
[White "Lascar, Radoslawa"]
[Black "Miarecka, Natalia"]
[Result "1-0"]
[WhiteTitle "I+"]
[BlackTitle "II"]
[WhiteElo "1754"]
[BlackElo "1002"]

1. e4 e5 2. Nf3 Nc6 3. Bc4 Nf6 4. d3 d5 5. exd5 Nxd5 6. O-O Bg4 7. h3 Bh5 8. c3
Nf6 9. Nbd2 Bc5 10. b4 Bb6 11. a4 a6 12. Ba3 O-O 13. b5 Ne7 14. Qb3 Bxf3 15. Nxf3
Nfd5 16. Bxd5 Qxd5 17. Qxd5 Nxd5 18. Bxf8 Rxf8 19. a5 Ba7 20. bxa6 bxa6 21. Ra3
f6 22. Rb3 Rc8 23. Rfb1 c5 24. Nd2 Nf4 25. Nc4 Nxd3 26. Rb7 Ra8 27. Rd7 Nf4 28.
Rbb7 Ne2+ 29. Kf1 Nxc3 30. Rxg7+ Kf8 31. Rbf7+ Ke8 32. Nd6+ Kd8 33. Rg8# 1-0

[Event "III Dolnoslaska Liga Szachowa 2017/2018"]
[Site "Dolny Slask"]
[Date "1899-12-30"]
[Round "6.1"]
[White "Janocha, Wieslaw"]
[Black "Klykow, Lukasz"]
[Result "1/2-1/2"]
[WhiteTitle "FM"]
[BlackTitle "k"]
[WhiteElo "2260"]
[BlackElo "2181"]

1. e4 e5 2. Nf3 Nc6 3. Bb5 a6 4. Ba4 Nf6 5. O-O Be7 6. Re1 b5 7. Bb3 d6 8. c3 O-O
9. d4 Bg4 10. d5 Na5 11. Bc2 c6 12. h3 Bc8 13. dxc6 Nxc6 14. a4 Bb7 15. Nbd2 d5
16. axb5 axb5 17. Rxa8 Bxa8 18. exd5 Qxd5 19. Ne4 Qxd1 20. Rxd1 Rd8 21. Rxd8+
Nxd8 22. Bg5 Bxe4 23. Bxf6 Bxc2 24. Bxe7 Nc6 25. Bc5 f6 26. Nd2 Na5 27. f3 Nc4
28. Nxc4 bxc4 1/2-1/2

[Event "III Dolnoslaska Liga Szachowa 2017/2018"]
[Site "Dolny Slask"]
[Date "1899-12-30"]
[Round "6.2"]
[White "Stelmaszuk, Maciej"]
[Black "Sernecki, Franciszek"]
[Result "0-1"]
[WhiteTitle "I"]
[BlackTitle "I+"]
[WhiteElo "1929"]
[BlackElo "2109"]

1. c4 Nf6 2. g3 c5 3. Bg2 Nc6 4. Nc3 e5 5. d3 Be7 6. Nf3 O-O 7. O-O d6 8. Ne1 Be6
9. Nc2 d5 10. cxd5 Nxd5 11. Nxd5 Bxd5 12. Bxd5 Qxd5 13. Ne3 Qe6 14. Qa4 Nd4 15.
Re1 b5 16. Qd1 Rad8 17. Nc2 Nc6 18. Bd2 f5 19. Qc1 f4 20. a4 Qh3 21. gxf4 Rd6
22. Ne3 Rg6+ 23. Kh1 Rxf4 24. Rg1 Qxh2+ 25. Kxh2 Rh4# 0-1

[Event "III Dolnoslaska Liga Szachowa 2017/2018"]
[Site "Dolny Slask"]
[Date "1899-12-30"]
[Round "6.3"]
[White "Korpalski, Maciej"]
[Black "Olszewski, Pawel"]
[Result "0-1"]
[WhiteTitle "I+"]
[BlackTitle "II"]
[WhiteElo "2037"]
[BlackElo "1842"]

1. e4 e5 2. Nf3 Nc6 3. Bb5 a6 4. Ba4 Nf6 5. O-O Be7 6. Re1 b5 7. Bb3 O-O 8. c3
d5 9. exd5 Nxd5 10. Nxe5 Nxe5 11. Rxe5 c6 12. d4 Bd6 13. Re1 Qh4 14. g3 Qh3 15.
Qf3 Bg4 16. Qg2 Qh5 17. Be3 Rae8 18. Nd2 Re6 19. a4 Bh3 20. Qf3 Bg4 21. Qg2 Bh3
22. Qh1 Rfe8 23. Bxd5 cxd5 24. axb5 axb5 25. b3 h6 26. Qf3 Bg4 27. Qg2 Bf4 28.
gxf4 Bh3 29. Qf3 Rg6+ 30. Kh1 Qxf3+ 31. Nxf3 Bg2+ 32. Kg1 Bxf3+ 33. Kf1 Rg2 34.
Rec1 Rxh2 35. Ke1 Rh1+ 36. Kd2 Rxc1 37. Kxc1 f5 38. Ra6 h5 39. c4 h4 40. cxb5
h3 41. b6 Rb8 42. b7 Rxb7 43. Ra8+ Kh7 0-1

[Event "III Dolnoslaska Liga Szachowa 2017/2018"]
[Site "Dolny Slask"]
[Date "1899-12-30"]
[Round "6.4"]
[White "Wilgosz, Jan"]
[Black "Wieczorek, Mikolaj"]
[Result "0-1"]
[WhiteTitle "II"]
[BlackTitle "I"]
[WhiteElo "1144"]
[BlackElo "1701"]

1. e4 c5 2. Nf3 Nc6 3. Bb5 g6 4. Bxc6 bxc6 5. O-O Bg7 6. Re1 e5 7. d3 d6 8. c4
Ne7 9. Nc3 O-O 10. Rb1 a5 11. Bd2 f5 12. a3 fxe4 13. dxe4 Bg4 14. Re3 Bxf3 15.
Rxf3 Qd7 16. Rxf8+ Rxf8 17. Be3 Qc7 18. Qd2 Nc8 19. Na4 Rd8 20. Rd1 Bf6 21. Bg5
Rf8 22. Bxf6 Rxf6 23. b4 axb4 24. axb4 Qa7 25. Nb2 cxb4 26. Nd3 c5 27. f4 Qe7
28. fxe5 dxe5 29. Qe3 Rc6 30. Qg3 Re6 31. Qg4 Nb6 32. Kh1 Rd6 33. Nb2 Rxd1+ 34.
Qxd1 Qd7 35. Qxd7 Nxd7 36. Nd3 Kf7 37. Kg1 Ke6 38. Kf2 Kd6 39. Kf3 Nf6 40. h3
g5 41. g3 h5 42. Ke3 g4 43. h4 Nd7 44. Kd2 Nb8 45. Kc2 Nc6 46. Kd2 Nd4 47. Nc1
Kc6 48. Nd3 Kb6 49. Nxe5 Nf3+ 50. Nxf3 gxf3 51. e5 f2 52. Ke2 b3 53. e6 b2 54.
e7 Qb1 55. Kxf2 Qe4 0-1

[Event "III Dolnoslaska Liga Szachowa 2017/2018"]
[Site "Dolny Slask"]
[Date "1899-12-30"]
[Round "6.5"]
[White "Frej, Zofia"]
[Black "Miarecka, Natalia"]
[Result "1-0"]
[WhiteTitle "k"]
[BlackTitle "II"]
[WhiteElo "1865"]
[BlackElo "1002"]

1. d4 d5 2. Nf3 Nf6 3. e3 Bg4 4. c4 e6 5. Qb3 b6 6. Ne5 Bd6 7. Nxg4 Nxg4 8. cxd5
exd5 9. Be2 Nf6 10. Nc3 O-O 11. O-O c6 12. Bd2 Qc7 13. h3 a5 14. Rac1 Nbd7 15.
Bf3 Qb7 16. e4 dxe4 17. Nxe4 Nxe4 18. Bxe4 Rfc8 19. Qf3 Ra7 20. Bxc6 Qb8 21. Bxd7
Rxd7 22. Qg4 Rcd8 23. Be3 g6 24. Qe2 Bf4 25. Rc6 Re7 26. Qf3 Bxe3 27. fxe3 Rde8
28. Qf6 b5 29. Rf3 b4 30. Rc5 Qa7 31. Kf2 Re6 32. Qf4 Kg7 33. Rc7 Qb8 34. Qxf7+
Kh6 35. Qf4+ g5 36. Qf6+ Rxf6 37. Rxf6+ Kh5 38. Rxh7# 1-0

[Event "III Dolnoslaska Liga Szachowa 2017/2018"]
[Site "Dolny Slask"]
[Date "1899-12-30"]
[Round "6.6"]
[White "Dowgird, Filip"]
[Black "Borkowski, Franciszek"]
[Result "1/2-1/2"]
[WhiteTitle "k"]
[BlackTitle "IM"]
[WhiteElo "2259"]
[BlackElo "2286"]

1. Nf3 d5 2. d4 Nf6 3. c3 g6 4. Bf4 Bg7 5. e3 O-O 6. h3 b6 7. Nbd2 Bb7 8. a4 a5
9. Bd3 c5 10. O-O Nc6 11. Qb1 Nd7 12. Qa2 c4 13. Bc2 e5 14. Nxe5 Ndxe5 15. dxe5
Nxe5 16. Bxe5 Bxe5 17. Rad1 Qe7 18. Rfe1 f5 19. Nf3 Bf6 20. Qb1 Rae8 21. Nd4 Qc5
22. Rd2 Re7 23. Ree2 Rfe8 24. Qe1 Bc6 25. f4 Qd6 26. Qg3 Bxd4 27. Rxd4 Qd7 28.
Qf3 Re6 29. Kf2 Qe7 30. g4 fxg4 31. hxg4 Qh4+ 32. Kg1 Qe7 33. Kf2 Qh4+ 34. Kg1
Qe7 35. Kf2 Qh4+ 1/2-1/2

[Event "III Dolnoslaska Liga Szachowa 2017/2018"]
[Site "Dolny Slask"]
[Date "1899-12-30"]
[Round "6.7"]
[White "Walentukiewicz, Michal"]
[Black "Dobrowolski, Aleksander"]
[Result "0-1"]
[WhiteTitle "CM"]
[BlackTitle "m"]
[WhiteElo "2011"]
[BlackElo "2272"]

1. e4 c5 2. Nf3 Nc6 3. d4 cxd4 4. Nxd4 e6 5. Nc3 a6 6. g3 Qc7 7. Bg2 Nf6 8. O-O
d6 9. Re1 Rb8 10. Nxc6 bxc6 11. b3 Be7 12. Bb2 O-O 13. Qe2 c5 14. Na4 Nd7 15.
Rad1 c4 16. Rd4 cxb3 17. Rc4 Qa5 18. cxb3 Bb7 19. Bc3 Qb5 20. Qb2 Ne5 21. Rb4
Qc6 22. Bxe5 dxe5 23. Rb6 Qd7 24. Qxe5 Qd2 25. Qa1 Rfd8 26. e5 Bxg2 27. Rxb8 Rxb8
28. Kxg2 Rc8 29. Rd1 Qe2 30. Re1 Qd2 31. Qd1 Rc2 32. Qxd2 Rxd2 33. Rc1 g5 34.
Rc8+ Kg7 35. Nc3 g4 36. Rc4 h5 37. Ra4 a5 38. Rc4 Bb4 39. a4 Rb2 40. Ne4 Rxb3
41. Nf6 Kg6 42. Rc8 Kf5 43. Rc7 Kxe5 44. Rxf7 Rd3 45. Nd7+ Kd6 46. Nf6 Kc6 47.
Nd7 0-1

[Event "III Dolnoslaska Liga Szachowa 2017/2018"]
[Site "Dolny Slask"]
[Date "1899-12-30"]
[Round "6.9"]
[White "Zombirt, Filip"]
[Black "Helaszek, Edward"]
[Result "0-1"]
[WhiteTitle "I+"]
[BlackTitle "k"]
[WhiteElo "1929"]
[BlackElo "1996"]

1. d4 Nf6 2. c4 d6 3. Nc3 Nbd7 4. Nf3 e5 5. e4 Be7 6. Be2 O-O 7. O-O Re8 8. Re1
c6 9. h3 Bf8 10. Bf1 exd4 11. Nxd4 Nc5 12. Qc2 h6 13. b4 Ne6 14. Nf5 a5 15. b5
Nc5 16. Nd4 Bd7 17. bxc6 bxc6 18. Bf4 Qc7 19. Rad1 Bc8 20. Nb3 Ne6 21. Bh2 a4
22. Nd4 Nc5 23. Nf3 Nfd7 24. Rb1 Ne5 25. Nxe5 dxe5 26. Red1 Be6 27. Ne2 f6 28.
Nd4 Bd7 29. Nf5 g6 30. Ne3 Be6 31. g4 Bf7 32. Be2 Red8 33. h4 Ne6 34. Qc3 Bc5
35. Nc2 Qa7 36. Qf3 Kg7 37. h5 Ng5 38. Qg2 Bxf2+ 39. Kh1 Bc5 40. Ne1 Rd4 41. Nf3
Rxd1+ 42. Rxd1 Nxe4 43. Bg1 Bxg1 44. Rxg1 Qf2 45. Qxf2 Nxf2+ 46. Kh2 Ne4 47. hxg6
Bxg6 48. Rd1 Ra7 49. Nh4 Nc3 50. Rd2 Nxe2 51. Nxg6 Kxg6 52. Rxe2 Rb7 53. Rd2 Rb1
54. Rc2 a3 0-1

[Event "III Dolnoslaska Liga Szachowa 2017/2018"]
[Site "Dolny Slask"]
[Date "1899-12-30"]
[Round "6.10"]
[White "Korosciel, Aneta"]
[Black "Lascar, Radoslawa"]
[Result "1-0"]
[WhiteTitle "m"]
[BlackTitle "I+"]
[WhiteElo "1993"]
[BlackElo "1754"]

1. d4 Nf6 2. Nf3 g6 3. Bf4 Bg7 4. e3 O-O 5. Be2 d6 6. h3 Nbd7 7. O-O Ne4 8. Nbd2
Nxd2 9. Qxd2 e5 10. Bh2 e4 11. Ne1 Kh8 12. c4 Qg5 13. Rc1 a5 14. a3 a4 15. Nc2
Nb8 16. Kh1 Nc6 17. Rfd1 Na5 18. Na1 Qh6 19. c5 g5 20. cxd6 cxd6 21. Qb4 Rd8 22.
Qxa4 Bd7 23. Qc2 f5 24. Kg1 Qg6 25. Qc7 Bc6 26. b4 Ba4 27. bxa5 Bxd1 28. Rxd1
Qe8 29. Qxb7 Rxa5 30. Qb4 Ra4 31. Qb3 Rb8 32. Qd5 Rxa3 33. Rc1 Qa4 34. Qxd6 Ra8
35. Nc2 Rc3 36. Ra1 Qxa1+ 37. Nxa1 Rxa1+ 38. Bf1 h6 39. Be5 Bxe5 40. Qxe5+ Kg8
41. Qxf5 Rcc1 42. Qb5 Rab1 43. Qe2 Re1 44. Qc4+ Kg7 45. Qc7+ Kg6 46. Qd6+ Kg7
47. Qe7+ Kh8 48. Qe5+ Kg8 49. Qxe4 Rxf1+ 50. Kh2 Kg7 51. Qe7+ Kh8 52. Qe5+ Kg8
53. Qf5 Rfe1 54. e4 Re2 55. d5 Rd2 56. Kg3 Rb3+ 57. Kg4 Rd4 58. Kh5 1-0

[Event "III Dolnoslaska Liga Szachowa 2017/2018"]
[Site "Dolny Slask"]
[Date "1899-12-30"]
[Round "6.11"]
[White "Piotrowski, Przemyslaw"]
[Black "Dzikowski, Michal"]
[Result "1-0"]
[WhiteTitle "k+"]
[BlackTitle "k"]
[WhiteElo "2305"]
[BlackElo "2147"]

1. e4 c6 2. d4 d5 3. exd5 cxd5 4. c4 Nf6 5. Nc3 Nc6 6. Nf3 Bg4 7. Be3 e6 8. c5
Be7 9. Qb3 Qc8 10. Qa4 O-O 11. Ne5 Bf5 12. Nxc6 bxc6 13. b4 e5 14. Be2 Qe6 15.
O-O Ng4 16. Bxg4 Bxg4 17. f3 Bf5 18. Rfe1 Bh4 19. g3 Qg6 20. Ne2 exd4 21. Bf2
Bg5 22. Nxd4 Bd7 23. Rad1 h5 24. Qc2 Qxc2 25. Nxc2 Rfb8 26. a4 Bf6 27. Bd4 Bf5
28. Ne3 Bxd4 29. Rxd4 Be6 30. Rb1 Rb7 31. b5 Rab8 32. Rdb4 a5 33. R4b2 d4 34.
Nc2 Bc4 35. Nxd4 cxb5 36. c6 Rb6 37. axb5 a4 38. Rb4 Bd3 39. Rd1 Bxb5 40. Rxb5
Rxb5 41. Nxb5 1-0

[Event "III Dolnoslaska Liga Szachowa 2017/2018"]
[Site "Dolny Slask"]
[Date "1899-12-30"]
[Round "6.12"]
[White "Zareba, Radoslaw"]
[Black "Kanicki, Krzysztof"]
[Result "0-1"]
[WhiteTitle "I+"]
[BlackTitle "k"]
[WhiteElo "2116"]
[BlackElo "2089"]

1. b3 d5 2. e3 Nf6 3. Bb2 Bf5 4. f4 e6 5. Nf3 Nbd7 6. Be2 h6 7. O-O Be7 8. Ne5
Nxe5 9. fxe5 Nd7 10. Bg4 Bxg4 11. Qxg4 O-O 12. Na3 c6 13. c4 Qa5 14. Nc2 Qxd2
15. Rf2 Qd3 16. Rd1 Qg6 17. Qh3 Nc5 18. Ne1 Rad8 19. cxd5 Rxd5 20. Rxd5 cxd5 21.
Bd4 Qb1 22. Rf1 Qxa2 23. b4 Nb3 24. Bc3 Qe2 25. Qg3 Bg5 26. Rf3 Nd2 27. Bxd2 Qxd2
28. h4 Be7 29. Rf4 Bxb4 30. Nf3 Qxe3+ 31. Kh2 Be7 32. Rg4 g6 33. Rd4 Rc8 34. Rd1
Rc1 35. Rd4 Rc4 36. Rd1 Qf4 0-1

[Event "III Dolnoslaska Liga Szachowa 2017/2018"]
[Site "Dolny Slask"]
[Date "1899-12-30"]
[Round "6.13"]
[White "Marko, Piotr"]
[Black "Kaczmarek, Maciej"]
[Result "0-1"]
[WhiteTitle "I"]
[BlackTitle "I"]
[WhiteElo "1819"]
[BlackElo "1967"]

1. e4 c5 2. Nf3 d6 3. d4 cxd4 4. Nxd4 Nf6 5. Nc3 a6 6. Bg5 Nbd7 7. f4 Qc7 8. Qf3
Nc5 9. Bxf6 gxf6 10. Nd5 Qd8 11. O-O-O h5 12. h3 e6 13. Nc3 Bd7 14. f5 b5 15.
fxe6 fxe6 16. b4 Na4 17. Nxa4 bxa4 18. e5 fxe5 19. Nc6 Qg5+ 20. Kb1 d5 21. b5
Bxc6 22. bxc6 Rb8+ 23. Ka1 e4 24. Qc3 Bg7 0-1

[Event "III Dolnoslaska Liga Szachowa 2017/2018"]
[Site "Dolny Slask"]
[Date "1899-12-30"]
[Round "6.14"]
[White "Pociejowski, Marek"]
[Black "Dytman, Radoslaw"]
[Result "1-0"]
[WhiteTitle "I++"]
[BlackTitle "I"]
[WhiteElo "1896"]
[BlackElo "1681"]

1. d4 Nf6 2. c4 g6 3. Nc3 Bg7 4. e4 d6 5. f4 c5 6. d5 e6 7. Nf3 exd5 8. cxd5 O-O
9. Be2 Re8 10. e5 dxe5 11. fxe5 Ng4 12. Bg5 Qb6 13. O-O Nxe5 14. d6 Nxf3+ 15.
Bxf3 Bd4+ 16. Kh1 Qxd6 17. Bd5 Bf5 18. Bxb7 Nc6 19. Bxa8 Rxa8 20. Bf4 Qd7 21.
a3 c4 22. Qf3 Rd8 23. Rfe1 Na5 24. Be5 Nb3 25. Rad1 f6 26. Bxf6 Bg4 27. Rxd4 Nxd4
28. Qf2 Nb3 29. Bxd8 Qxd8 30. Qxa7 Bf5 31. Re7 g5 32. h3 Bg6 33. Qc7 Qf8 34. Qxc4+
Kh8 35. Re1 Nc5 36. Qd4+ Kg8 37. Qd5+ Kh8 38. Qe5+ Kg8 39. Nd5 Qf2 40. Nf6+ 1-0